<?xml version="1.0" encoding="UTF-8"?><?xml-stylesheet type="text/xsl" href="static/style.xsl"?><OAI-PMH xmlns="http://www.openarchives.org/OAI/2.0/" xmlns:xsi="http://www.w3.org/2001/XMLSchema-instance" xsi:schemaLocation="http://www.openarchives.org/OAI/2.0/ http://www.openarchives.org/OAI/2.0/OAI-PMH.xsd"><responseDate>2026-06-01T22:05:20Z</responseDate><request verb="GetRecord" identifier="oai:riuma.uma.es:10630/9770" metadataPrefix="marc">https://riuma.uma.es/rest/oai/request</request><GetRecord><record><header><identifier>oai:riuma.uma.es:10630/9770</identifier><datestamp>2026-02-03T12:15:10Z</datestamp><setSpec>com_10630_2254</setSpec><setSpec>col_10630_37959</setSpec></header><metadata><record xmlns="http://www.loc.gov/MARC21/slim" xmlns:dcterms="http://purl.org/dc/terms/" xmlns:doc="http://www.lyncode.com/xoai" xmlns:xsi="http://www.w3.org/2001/XMLSchema-instance" xsi:schemaLocation="http://www.loc.gov/MARC21/slim http://www.loc.gov/standards/marcxml/schema/MARC21slim.xsd">
   <leader>00925njm 22002777a 4500</leader>
   <datafield ind2=" " ind1=" " tag="042">
      <subfield code="a">dc</subfield>
   </datafield>
   <datafield ind2=" " ind1=" " tag="720">
      <subfield code="a">Chamorro González, María Luisa</subfield>
      <subfield code="e">author</subfield>
   </datafield>
   <datafield ind2=" " ind1=" " tag="260">
      <subfield code="c">2015-05-14</subfield>
   </datafield>
   <datafield ind2=" " ind1=" " tag="520">
      <subfield code="a">El cuento ha sido considerado a lo largo de la historia como una de las principales herramientas de transmisión de conocimientos, cultura y valores. Durante las primeras edades, los cuentos contribuyen a la construcción y el conocimiento del mundo. En la actualidad es uno de los recursos más fructíferos en el ámbito educativo. Sin embargo, para que un cuento atrape la atención de un público habituado a recibir un gran número de estímulos, como es el de infantil y primaria, es necesario recurrir a las herramientas que nos permitan dar vida a los cuentos. Es imprescindible ambientar los paisajes y acciones que narramos a través de nuestra voz, nuestro cuerpo y nuestro silencio. Y este es, precisamente, el objetivo de este trabajo: ofrecer un ejemplo de narración oral en la que se emplean diversos recursos, extraídos de la dramatización, que nos permiten revivir a los personajes que pueblan los cuentos.</subfield>
   </datafield>
   <datafield ind1="8" ind2=" " tag="024">
      <subfield code="a">http://hdl.handle.net/10630/9770</subfield>
   </datafield>
   <datafield tag="653" ind2=" " ind1=" ">
      <subfield code="a">Cuentos infantiles</subfield>
   </datafield>
   <datafield tag="653" ind2=" " ind1=" ">
      <subfield code="a">Lectura en voz alta</subfield>
   </datafield>
   <datafield ind2="0" ind1="0" tag="245">
      <subfield code="a">Cómo dar vida a un cuento</subfield>
   </datafield>
</record>
</metadata></record></GetRecord></OAI-PMH>